| 000 | 01424cam a2200325 i 4500 | ||
|---|---|---|---|
| 003 | SA-RiAUC | ||
| 005 | 20250527081102.0 | ||
| 008 | 250526s1984 ku g 00000 ara c | ||
| 040 |
_aSA-JeALM _bara _cSA-RiAUC _erda |
||
| 050 | 4 | _b.R34 1984 | |
| 082 | 0 | 4 | _a227.3 |
| 090 |
_a227.3 _b ر ا غ |
||
| 100 | 1 |
_aالراغب الأصفهاني، الحسين بن محمد بن المفضل، _dتوفي 502 هجري _eمؤلف. |
|
| 245 | 1 | 0 |
_aمقدمة جامع التفاسير مع تفسير الفاتحة ومطالع البقرة / _cلأبي القاسم الراغب الأصفهاني ؛ حققه وقدم له وعلق حواشيه أحمد حسن فرحات. |
| 246 | 3 | 0 | _aمطالع البقرة |
| 246 | 3 | 0 | _aتفسير الفاتحة |
| 250 | _aالطبعة الأولى. | ||
| 264 | 1 |
_aالكويت : _bدار الدعوة، _c1984 |
|
| 300 |
_a168 صفحة ؛ _c24 سم. |
||
| 336 |
_aنص _btxt _2rdacontent _3كتاب |
||
| 337 |
_aبدون وسيط _bn _2rdamedia |
||
| 338 |
_aمجلد _bnc _2rdacarrier |
||
| 490 | 0 |
_aفي أصول التفسير ؛ _v19 |
|
| 630 | 2 | 7 |
_aالقرآن. _pسورة الفاتحة _xتفاسير مأثورة _2aucut |
| 630 | 2 | 7 |
_aالقرآن. _pسورة البقرة _xتفاسير مأثورة _2aucut |
| 700 | 1 |
_aفرحات، أحمد حسن _eمحقق. |
|
| 730 | 2 | 2 | _aالقرآن. |
| 942 |
_2ddc _cBOOK _n0 |
||
| 949 |
_aSA-JeALM _d250526 _uosman123 _n1 |
||
| 999 |
_c8413 _d8413 |
||